00660nam a2200181 a 450000100100000000500170001000800410002704000250006808200150009310000370010824500610014526000430020630000280024949000320027783000390030995201130034899900170046100002666320200930030335.0110324s1997 dr a 000 0 spa d aDO-SdBNPbspacBNPHU axxxbC566c1 aCiaurriz, Miguel Ángel,93658010aCon la fuerza del espíritu /cMiguel Ángel Ciaurriz. aSanto Domingo :bEdiciones MSC,c1997. a126 p. :bil. ;c22 cm.1 aRecursos pastoralesvno. 10 0aRecursos pastoralesnno. 10953789 0010718PDaPDbPDcCTd2011-03-24iLF1l0oxxx C566cp26663-10r2020-06-25w2020-06-25yLFPDZNo se presta c26155d26155